000
00292nam a22001337a 4500
020
_a
1-8442-2031-1
082
_a
823
_b
DIS/O
100
_a
DISNEY, WALT
245
_a
101 DALMATIANS
260
_a
ENGLISH SHORT STORY
_b
LONDON
300
_a
43
650
_a
ENGLISH SHORT STORY
_z
UK
942
_c
BK
999
_c
3765
_d
3765